| 000 | 02233nam a22004097a 4500 | ||
|---|---|---|---|
| 001 | 42835 | ||
| 003 | gtgccic | ||
| 005 | 20251023100006.0 | ||
| 007 | ta | ||
| 008 | 251023b gt ||||| |||| 00| 0 spa d | ||
| 040 |
_agtgccic _bspa _cgtgccic _erda |
||
| 084 | _0TPI-15-0078 | ||
| 100 | 1 | 0 |
_aByron José Bonilla Chang _dIngeniero Mecánico _eautor |
| 245 | 1 | 0 |
_aReconstrucción y/o reparación de piezas de fundición gris, por medio de soldadura al arco (SMAW) / _cBonilla Chang, Byron José |
| 264 | 1 |
_aGuatemala, Guatemala : _bUSAC, Facultad de Ingeniería ; _c2015.- |
|
| 300 |
_axxx, 90 p. : _bil. ; _c27 cm |
||
| 336 |
_2rdacontenido _aTexto _btxt |
||
| 337 |
_2rdamedio _asin mediación _bn |
||
| 338 |
_2rdasoporte _avolumen _bnc |
||
| 502 |
_aTesis Postgrado _bMAESTRO EN INGENIERÍA DE MANTENIMIENTO _cUSAC, Facultad de Ingeniería, Escuela de Postgrado _d2015 _oTPI-15-0078 |
||
| 504 | _aBibliografía pag. 87 | ||
| 505 | _t1. ALEACIONES HIERRO-CARBONO | ||
| 505 | _t2. SOLDABILIDAD DE LA FUNDICIÓN GRIS | ||
| 505 | _t3. DISEÑO DE LA INVESTIGACIÓN | ||
| 505 | _t4. PROCESO EXPERIMENTAL | ||
| 505 | _t5. RESULTADOS | ||
| 505 | _t6. ANÁLISIS DE RESULTADOS | ||
| 505 | _t7. CONSIDERACIONES PARA SELECCIÓN DEL MÉTODO | ||
| 505 | _t8. METODOLOGÍA SELECCIONADA PARA LA SOLDADURA EN FUNDICIONES DE HIERRO | ||
| 520 | _aEn Guatemala, tanto dentro de la industria en general, como en los proyectos de infraestructura y los servicios artesanales a todo nivel de producción, se desarrolló un sinnúmero de procesos empíricos de soldadura para la reparación, recuperación y reconstrucción de elementos de máquinas y estructurales de diversos tipos de metales; los procesos de reconstrucción se efectúan por medio de soldadura, específicamente el proceso SMAW. El campo más extenso lo ocupa la recuperación y reconstrucción de piezas de acero, en sus diversas características, para lo cual ya se ha logrado proponer una serie de metodologías que coadyuvan a la aplicación efectiva de los procesos referidos, | ||
| 650 | _aRECONSTRUCCIÓN | ||
| 650 | _aFUNDICIONES | ||
| 650 | _aSOLDADURA | ||
| 700 |
_aDr. Sc. Ing. Roberto Aguilar Rivas _easesor |
||
| 942 |
_2ddc _cTPS |
||
| 945 | _aamlo | ||
| 999 |
_c2398 _d2398 |
||